000 00311nam a22001337a 4500
008 171226b xxu||||| |||| 00| 0 eng d
020 _a0838513476
041 _aeng
080 _a610.73
100 _a2
101 _aINF
245 _aCURRENT EMERGENCY DIAGNOSIS& TRATMENT
_cSAUNDERS,CH,E
942 _2udc
_cBK
999 _c39385
_d39385